[Event "POL-chT3 Liga Slaska"]
[Site "Poland"]
[Date "2007.03.18"]
[Round "6"]
[White "Sroka, Janusz"]
[Black "Kliemt, Grzegorz"]
[Result "1/2-1/2"]
[WhiteElo "2110"]
[BlackElo "2087"]
[PlyCount "83"]
[EventDate "2007.01.28"]
[EventType "team-swiss"]
[EventRounds "9"]
[EventCountry "POL"]
[SourceTitle "EXT 2011"]
[Source "ChessBase"]
[SourceDate "2010.11.26"]
[SourceVersion "1"]
[SourceVersionDate "2010.11.26"]
[SourceQuality "1"]
[WhiteTeam "Gliwice Roszada Fluor"]
[BlackTeam "Gliwice Carbo"]
[WhiteTeamCountry "POL"]
[BlackTeamCountry "POL"]

1. e4 c5 2. Nc3 Nc6 3. g3 g6 4. Bg2 Bg7 5. d3 d6 6. f4 e6 7. Nf3 Nge7 8. 0-0 0-0 9. Be3 Nd4 10. Qd2 Rb8 11. Nh4 f5 12. Nd1 b5 13. c3 Ndc6 14. Nf2 b4 15. Kh1 bxc3 16. bxc3 Qa5 17. Rac1 Bd7 18. g4 Qa3 19. gxf5 exf5 20. exf5 gxf5 21. Rc2 Na5 22. Qe2 Bf6 23. Rg1 Kh8 24. Nf3 Nd5 25. Bc1 Qa4 26. Ng5 Nxf4 27. Bxf4 Qxf4 28. Nfh3 Qh4 29. Bd5 h6 30. Ne6 Bxe6 31. Qxe6 Qxh3 32. Rcg2 Bg5 33. Qxd6 Rbd8 34. Qe5+ Kh7 35. Qc7+ Kh8 36. Qe5+ Kh7 37. Rxg5 hxg5 38. Qe7+ Kh8 39. Qe5+ Kh7 40. Qc7+ Kh8 41. Qe5+ Kh7 42. Qe7+ 1/2-1/2

[Event "POL-chT3 Liga Slaska"]
[Site "Poland"]
[Date "2007.02.11"]
[Round "4"]
[White "Dworakowska, Joanna"]
[Black "Kliemt, Grzegorz"]
[Result "1-0"]
[WhiteElo "2376"]
[BlackElo "2087"]
[PlyCount "87"]
[EventDate "2007.01.28"]
[EventType "team-swiss"]
[EventRounds "9"]
[EventCountry "POL"]
[SourceTitle "EXT 2011"]
[Source "ChessBase"]
[SourceDate "2010.11.26"]
[SourceVersion "1"]
[SourceVersionDate "2010.11.26"]
[SourceQuality "1"]
[WhiteTeam "Katowice Hetman Szopienice III"]
[BlackTeam "Gliwice Carbo"]
[WhiteTeamCountry "POL"]
[BlackTeamCountry "POL"]

1. e4 c5 2. Nf3 Nc6 3. Bb5 g6 4. Bxc6 dxc6 5. d3 Bg7 6. h3 e5 7. Be3 Qe7 8. Qd2 h5 9. Qc3 b6 10. b4 a5 11. bxc5 b5 12. Nbd2 f6 13. 0-0 Nh6 14. d4 exd4 15. Bxd4 0-0 16. Rfe1 Be6 17. Nh4 Kh7 18. Qg3 Qf7 19. e5 Nf5 20. Nxf5 Bxf5 21. c3 Rad8 22. Nf3 b4 23. cxb4 axb4 24. exf6 Bxf6 25. Qf4 Qg7 26. Bxf6 Qxf6 27. Re5 Kg7 28. Rae1 Rd7 29. R5e3 Rb7 30. Nh4 Bc2 31. Qg3 Qf4 32. Re7+ Rxe7 33. Rxe7+ Kh6 34. Rb7 Qxg3 35. fxg3 Ra8 36. Nf3 Rxa2 37. h4 g5 38. hxg5+ Kg6 39. Rxb4 Bd1 40. Rb6 Bxf3 41. gxf3 Kxg5 42. Rxc6 h4 43. Rc8 hxg3 44. c6 1-0

[Event "POL-chT3"]
[Site "Poland"]
[Date "2002.??.??"]
[Round "?"]
[White "Samborski, Henryk"]
[Black "Kliemt, Grzegorz"]
[Result "1/2-1/2"]
[WhiteElo "2184"]
[BlackElo "2100"]
[PlyCount "136"]
[EventDate "2002.??.??"]
[EventType "team"]
[EventRounds "9"]
[EventCountry "POL"]
[SourceTitle "EXT 2006"]
[Source "ChessBase"]
[SourceDate "2005.11.24"]
[SourceVersion "1"]
[SourceVersionDate "2005.11.24"]
[SourceQuality "1"]

1. e4 c5 2. Nf3 Nc6 3. Bb5 g6 4. 0-0 Bg7 5. c3 e5 6. d3 Nge7 7. Bg5 Qb6 8. a4 a6 9. Bc4 Qxb2 10. Na3 Qb6 11. Qd2 d6 12. h3 Bd7 13. Ba2 Qc7 14. Rab1 h6 15. Be3 Na5 16. Nc4 Nxc4 17. Bxc4 d5 18. exd5 Nf5 19. Qa2 Nd6 20. Nd2 f5 21. f3 0-0 22. a5 Kh7 23. Qa3 Rfc8 24. Nb3 Bb5 25. Nd2 Bf6 26. Rfe1 Bd8 27. Ra1 Bh4 28. Reb1 Bf6 29. Qb3 Qd8 30. Re1 Bh4 31. Re2 Bf6 32. Bf2 Qc7 33. Bg3 Re8 34. Rae1 Qxa5 35. Bxe5 Bxe5 36. Rxe5 Qa4 37. Bxb5 axb5 38. Rxe8 Rxe8 39. Rxe8 Nxe8 40. Qb1 Qf4 41. Qe1 Ng7 42. g3 Qd6 43. c4 bxc4 44. dxc4 b5 45. f4 bxc4 46. Qe5 Qxe5 47. fxe5 c3 48. Nb3 c2 49. Kf2 c4 50. Nc1 Kg8 51. Ke3 Kf7 52. Kd2 Ne8 53. Ne2 Nc7 54. Nc3 g5 55. Kxc2 Nxd5 56. Nxd5 Ke6 57. Nc3 Kxe5 58. Kd2 Kd4 59. Nb5+ Kc5 60. Nc3 Kd4 61. Nb5+ Kc5 62. Nc7 Kd4 63. Ne6+ Ke4 64. Ke2 c3 65. Nc5+ Kd4 66. Ne6+ Ke4 67. Nc5+ Kd4 68. Ne6+ Ke4 1/2-1/2

[Event "POL-chT2 South U19"]
[Site "Rudnik"]
[Date "2000.??.??"]
[Round "3.1"]
[White "Czakon, Jakub"]
[Black "Kliemt, Grzegorz"]
[Result "1/2-1/2"]
[WhiteElo "2118"]
[BlackElo "2068"]
[PlyCount "63"]
[EventDate "2000.07.20"]
[EventType "team-swiss"]
[EventRounds "10"]
[EventCountry "POL"]
[SourceTitle "EXT 2005"]
[Source "ChessBase"]
[SourceDate "2004.11.15"]
[SourceVersion "1"]
[SourceVersionDate "2004.11.15"]
[SourceQuality "1"]
[WhiteTeam "Katowice Start U19"]
[BlackTeam "Gliwice Carbo U19"]
[WhiteTeamCountry "POL"]
[BlackTeamCountry "POL"]

1. d4 Nf6 2. c4 e6 3. Nc3 Bb4 4. Qc2 0-0 5. a3 Bxc3+ 6. Qxc3 b6 7. Bg5 Bb7 8. f3 h6 9. Bh4 Nc6 10. e3 d5 11. cxd5 Nxd5 12. Bxd8 Nxc3 13. Bh4 Nd5 14. Bf2 Rad8 15. Rc1 a6 16. Bxa6 Bxa6 17. Rxc6 Rd7 18. Nh3 Rfd8 19. Kd2 Ne7 20. Rc2 c5 21. Kc3 cxd4+ 22. exd4 e5 23. Rd1 Nc6 24. Rcd2 Na5 25. b3 Rc8+ 26. Kb2 Rdc7 27. dxe5 Rc3 28. Rd8+ Kh7 29. Rxc8 Rxb3+ 30. Kc2 Bxc8 31. Nf4 Bf5+ 32. Kd2 1/2-1/2

[Event "POL-chT2 South U19"]
[Site "Rudnik"]
[Date "2000.??.??"]
[Round "6.1"]
[White "Fudalej, Michal"]
[Black "Kliemt, Grzegorz"]
[Result "1-0"]
[WhiteElo "2200"]
[BlackElo "2068"]
[PlyCount "65"]
[EventDate "2000.07.20"]
[EventType "team-swiss"]
[EventRounds "10"]
[EventCountry "POL"]
[SourceTitle "EXT 2005"]
[Source "ChessBase"]
[SourceDate "2004.11.15"]
[SourceVersion "1"]
[SourceVersionDate "2004.11.15"]
[SourceQuality "1"]
[WhiteTeam "Zabrze Budosak U19"]
[BlackTeam "Gliwice Carbo U19"]
[WhiteTeamCountry "POL"]
[BlackTeamCountry "POL"]

1. Nf3 c5 2. g3 Nc6 3. d4 cxd4 4. Nxd4 g6 5. Bg2 Bg7 6. Nb3 Nf6 7. c3 0-0 8. 0-0 d6 9. h3 Bd7 10. Kh2 Qc8 11. a4 Ne5 12. Nd4 d5 13. Nd2 Re8 14. Re1 Nc4 15. Qb3 e5 16. Nc2 Na5 17. Qa2 Be6 18. b4 Nc6 19. Bb2 h5 20. h4 Bh6 21. Rad1 a6 22. a5 Ng4+ 23. Kg1 e4 24. Nf1 d4 25. Qa3 e3 26. f3 Nf2 27. cxd4 Nxd1 28. Rxd1 Bc4 29. d5 Bxe2 30. dxc6 Bxd1 31. Qc3 Kh7 32. Ncxe3 Be2 33. Nd5 1-0